Capitals of Brazilian States Quiz Stats

Quiz not verified by Sporcle

Challenge
Share
Tweet
Embed
Score 0/26 Timer 06:00
0 Plays Today
State Capital % Correct
Rio de JaneiroRio de Janeiro
98%
São PauloSao Paulo
98%
AmazonasManaus
93%
Minas GeraisBelo Horizonte
91.9%
BahiaSalvador
91.3%
Rio Grande do SulPorto Alegre
88.8%
PernambucoRecife
87.8%
ParanáCuritiba
86.4%
CearáFortaleza
85.1%
ParáBelem
84.3%
GoiásGoiania
82.9%
Santa CatarinaFlorianopolis
81.8%
Rio Grande do NorteNatal
79.9%
State Capital % Correct
Espírito SantoVitoria
77.9%
MaranhãoSao Luis
73.8%
Mato Grosso do SulCampo Grande
72.2%
AmapáMacapa
70.7%
AcreRio Branco
70%
Mato GrossoCuiaba
68.9%
PiauíTeresina
68.5%
AlagoasMaceio
67.4%
ParaíbaJoao Pessoa
65%
TocantinsPalmas
64.8%
RondôniaPorto Velho
64.1%
RoraimaBoa Vista
61.1%
SergipeAracaju
61.1%

You're not logged in!

Compare scores with friends on all Sporcle quizzes.
Join for Free
OR
Log In

You Might Also Like...

Show Comments

Extras

Top Quizzes Today


Score Distribution

Your Account Isn't Verified!

In order to create a playlist on Sporcle, you need to verify the email address you used during registration. Go to your Sporcle Settings to finish the process.

Report this User

Report this user for behavior that violates our Community Guidelines.

Details: